000
00353nam a2200157Ia 4500
003
0STCL
008
150530s9999 xx 000 0 und d
040
_a
STCL
_c
STCL
100
_a
Jha, L.K.
245
_a
Economic strategy for the 1980
260
_b
Allied
_c
1980
546
_a
English
942
_2
ddc
_c
BK
999
_c
10016
_d
10016
005
20220125165538.0